| 000 | 00486nam a2200193 a 4500 | ||
|---|---|---|---|
| 003 | AR-BaBNM | ||
| 005 | 20251128205814.0 | ||
| 008 | 082120s2002 ||||||||||||||000 | spa|| | ||
| 040 | _cAR-BaBNM | ||
| 100 | 1 | _aFeldman, MarĂa G. | |
| 245 | 0 | 0 | _aPiezas de teatro escolar |
| 260 |
_aResistencia _bCultural Nordeste _c1973 |
||
| 300 |
_a128 P. _bil. |
||
| 650 | 4 | _aTEATRO INFANTIL | |
| 650 | 4 | _aTEATRO ESCOLAR | |
| 653 | _aEDUCACION GENERAL BASICA | ||
| 942 | _cBK | ||
| 998 | _cRaquel | ||
| 999 |
_c12876 _d12876 |
||